<?xml version="1.0" encoding="UTF-8"?>
<marc:record xmlns:marc="http://www.loc.gov/MARC21/slim">
   <marc:leader>00000nam a2200000 a 4500</marc:leader>
   <marc:datafield ind1="1" ind2=" " tag="100">
      <marc:subfield code="a">Pierre, Clara</marc:subfield>
      <marc:subfield code="4">aut</marc:subfield>
      <marc:subfield code="e">Verfasser/-in</marc:subfield>
   </marc:datafield>
   <marc:datafield ind1=" " ind2=" " tag="653">
      <marc:subfield code="a">historischer Roman</marc:subfield>
   </marc:datafield>
   <marc:datafield ind1=" " ind2=" " tag="653">
      <marc:subfield code="a">Frankreich</marc:subfield>
   </marc:datafield>
   <marc:datafield ind1=" " ind2=" " tag="653">
      <marc:subfield code="a">Macht</marc:subfield>
   </marc:datafield>
   <marc:datafield ind1=" " ind2=" " tag="653">
      <marc:subfield code="a">Verfolgung</marc:subfield>
   </marc:datafield>
   <marc:datafield ind1="0" ind2="0" tag="245">
      <marc:subfield code="a">Der Gesang des Troubadours</marc:subfield>
   </marc:datafield>
   <marc:datafield ind1="0" ind2="0" tag="245">
      <marc:subfield code="b">Roman</marc:subfield>
   </marc:datafield>
   <marc:datafield ind1="0" ind2="0" tag="245">
      <marc:subfield code="c">Pierre, Clara</marc:subfield>
   </marc:datafield>
   <marc:datafield ind1=" " ind2="1" tag="264">
      <marc:subfield code="a">München</marc:subfield>
      <marc:subfield code="b">Heyne</marc:subfield>
      <marc:subfield code="c">2000</marc:subfield>
   </marc:datafield>
   <marc:datafield ind1="1" ind2=" " tag="520">
      <marc:subfield code="a">Quelle: bn.bibliotheksnachrichten (http://www.biblio.at/literatur/bn/index.html); &#xD;
Autor: Christa Kranzmayr; &#xD;
Spannende Ereignisse rund um mittelalterliche Fürstenhöfe. (DR)&#xD;
&#xD;
Der junge Kaufmannssohn Gaucelm Faidit verspürt den drängenden Wunsch, Sänger zu werden, und lenkt damit sein Leben in abenteuerliche Bahnen. Als Troubadour am Hofe von Raimund von Toulouse lernt er nicht nur prächtige Feste kennen und mehrt seinen Ruf als Komponist betörender Liebeslieder, er erfährt auch die Wirksamkeit politischer Intrigen und der päpstlichen Inquisition. Inmitten all dieser Wirrnisse verliebt er sich in eine Prostituierte und geht mit ihr auf Wanderschaft, da das Ketzerwesen langsam bedrohliche Formen annimmt. Beide finden Unterschlupf am Hof von Ventadorn und das Leben scheint es nochmals gut mit ihnen zu meinen, wiewohl auch hier das prachtvolle Dasein bald von Ränken und Eifersucht getrübt wird. Die zweite Flucht endet am Hof von Courtézon, wo das Paar nach kurzem Glück von den Schrecknissen des Krieges heimgesucht wird.&#xD;
Der Autorin Clara Pierre ist es in diesem spannenden Roman hervorragend gelungen, historische Recherchen mit der eigenen Vorstellungskraft zu paaren, ohne die Darstellung zu überfrachten. Die handelnden Figuren (ob erfunden oder nicht) erhalten durch die plastische Schilderung hohe Glaubwürdigkeit und der Leser durchlebt mit ihnen alle Höhen und Tiefen einer längst vergangenen Realität. Allen Beständen sehr zu empfehlen.</marc:subfield>
   </marc:datafield>
   <marc:datafield ind1=" " ind2=" " tag="020">
      <marc:subfield code="a">9783453178618</marc:subfield>
      <marc:subfield code="9">9783453178618</marc:subfield>
   </marc:datafield>
   <marc:datafield ind1=" " ind2=" " tag="020">
      <marc:subfield code="a">3453178610</marc:subfield>
      <marc:subfield code="9">3453178610</marc:subfield>
   </marc:datafield>
   <marc:datafield ind1=" " ind2=" " tag="041">
      <marc:subfield code="a">ger</marc:subfield>
   </marc:datafield>
   <marc:datafield ind1=" " ind2=" " tag="338">
      <marc:subfield code="a">Band</marc:subfield>
   </marc:datafield>
   <marc:datafield ind1=" " ind2=" " tag="300">
      <marc:subfield code="a">399 S.</marc:subfield>
   </marc:datafield>
</marc:record>
